| 000 | 01493cam a2200157 4500500 | ||
|---|---|---|---|
| 005 | 20260412000249.0 | ||
| 041 | _afre | ||
| 042 | _adc | ||
| 100 | 1 | 0 |
_aKandil, Feriel _eauthor |
| 245 | 0 | 0 | _aRicoeur as a Reader of Rawls’s A Theory of Justice |
| 260 | _c2026. | ||
| 500 | _a52 | ||
| 520 | _aThe article examines the positive critique that Ricœur develops regarding Rawls’ A Theory of Justice. It highlights the specificity of this critique by contrasting with other, more radical criticisms, such as those from communitarians like Walzer, philosophers of recognition like Honneth, social choice theorists like Sen, or utilitarians like Harsanyi. Ricœur’s originality lies in considering Rawls’ analysis as one moment within a broader and dialectical approach to justice. The article demonstrates how Ricœur thus helps to bring out the internal tensions that contribute to the greatness of A Theory of Justice. In addition to Ricœur’s methodological, ethical, and epistemological arguments, the article adds a practical one. This argument concerns the paradox of distributive justice, which reflects the contradictions, at the heart of Rawlsian principles and their application, between the universal and the historical. | ||
| 786 | 0 | _nRevue de philosophie économique / Review of Economic Philosophy | - | 1 | 2026-02-19 | p. 139-170 | 1376-0971 | |
| 856 | 4 | 1 | _uhttps://shs.cairn.info/journal-revue-de-philosophie-economique-2026-1-page-139?lang=en&redirect-ssocas=7080 |
| 999 |
_c2209573 _d2209573 |
||